Verbrüderung (Запись № 10124616)
[ простой вид ]
| 000 -МАРКЕР | |
|---|---|
| контрольное поле | 01461nam1a22003371 4500 |
| 001 - ИДЕНТИФИКАТОР ЗАПИСИ | |
| контрольное поле | RU\NLR\A1SV\106627 |
| 005 - ИДЕНТИФИКАТОР ВЕРСИИ | |
| контрольное поле | 20251203171251.9 |
| 035 ## - ДРУГИЕ СИСТЕМНЫЕ НОМЕРА | |
| Идентификатор записи | (NLR Aleph) 009787980 |
| 100 ## - ДАННЫЕ ОБЩЕЙ ОБРАБОТКИ | |
| Данные общей обработки | 20100906d1924 u y0rusy50 ca |
| 101 0# - ЯЗЫК РЕСУРСА | |
| Язык текста, звукозаписи и т.д. | русский |
| 102 ## - СТРАНА ПУБЛИКАЦИИ ИЛИ ПРОИЗВОДСТВА | |
| Страна публикации | Российская Федерация |
| 200 1# - ЗАГЛАВИЕ И СВЕДЕНИЯ ОБ ОТВЕТСТВЕННОСТИ | |
| Основное заглавие | Verbrüderung |
| Сведения, относящиеся к заглавию | Lehrbuch der deutschen Sprache für Kinder |
| Первые сведения об ответственности | Сост. Иолан Келен-Фрид по методе Глезер и Пецольд |
| 210 ## - ПУБЛИКАЦИЯ, РАСПРОСТРАНЕНИЕ И ДР. | |
| Место издания, распространения и т.д. | М. |
| Имя издателя, распространителя и т. д. | Гос. изд-во |
| Дата издания, распространения и т.д. | 1924 |
| 215 ## - ФИЗИЧЕСКАЯ ХАРАКТЕРИСТИКА | |
| Размеры | 23 см |
| 225 ## - СЕРИЯ | |
| Основное заглавие серии | Пособия для труд. шк. |
| 300 ## - ОБЩИЕ ПРИМЕЧАНИЯ | |
| Текст примечания | Сер. указана на обл. |
| 451 #1 - ДРУГОЕ ИЗДАНИЕ [КАТАЛОГИЗИРУЕМОГО ДОКУМЕНТА] НА АНАЛОГИЧНОМ НОСИТЕЛЕ | |
| Встроенное поле | 001RU\NLR\A1SV\155953 |
| Системный номер (АБИС) связанной записи | 12012985 |
| Автор | Келен-Фрид, И.Л. (1891-1979) |
| Место публикации | М. |
| Дата публикации | 1924 |
| Издание | 2-е изд. |
| Первые сведения об ответственности | Сост. Иолан Келен-Фрид по методе Глезер и Пецольд |
| Имя издателя, распространителя и т.д. | Гос. изд-во |
| Сведения, относящиеся к заглавию | Lehrbuch der deutschen Sprache für Kinder |
| Заглавие | Verbrüderung |
| 620 ## - МЕСТО И ДАТА ПУБЛИКАЦИИ, ИСПОЛНЕНИЯ И Т. Д. | |
| Город | Москва |
| 700 #1 - ИМЯ ЛИЦА - ПЕРВИЧНАЯ ОТВЕТСТВЕННОСТЬ | |
| Начальный элемент ввода | Келен-Фрид |
| Часть имени, кроме начального элемента ввода | И.Л. |
| Даты | 1891-1979 |
| Расширение инициалов личного имени | Иоланта Людвиговна |
| 702 #1 - ИМЯ ЛИЦА - ВТОРИЧНАЯ ОТВЕТСТВЕННОСТЬ | |
| Графика поля | Кириллица |
| Материалы, к которым относится поле | rus |
| Начальный элемент ввода | Глезер |
| Часть имени, кроме начального элемента ввода | П. Р. |
| Расширение инициалов личного имени | Пауль Рудольфович |
| Системный номер авторитетной/нормативной записи | 2708395 |
| Идентификатор авторитетной/нормативной записи | RU\NLR\AUTH\770293416 |
| 702 #1 - ИМЯ ЛИЦА - ВТОРИЧНАЯ ОТВЕТСТВЕННОСТЬ | |
| Графика поля | Кириллица |
| Материалы, к которым относится поле | rus |
| Начальный элемент ввода | Пецольд |
| Часть имени, кроме начального элемента ввода | Э. К. |
| Даты | 1862-1940 |
| Расширение инициалов личного имени | Эрнест Карлович |
| Системный номер авторитетной/нормативной записи | 2708535 |
| Идентификатор авторитетной/нормативной записи | RU\NLR\AUTH\770293440 |
| 801 #0 - ИСТОЧНИК ЗАПИСИ | |
| Страна | Российская Федерация |
| Организация | NLR |
| Дата составления | 20100906 |
| 899 ## - ДАННЫЕ О МЕСТОНАХОЖДЕНИИ (устаревшее) | |
| Местонахождение | РГБ |
| 899 ## - ДАННЫЕ О МЕСТОНАХОЖДЕНИИ (устаревшее) | |
| Местонахождение | НГОУНБ |
| 942 ## - ДОПОЛНИТЕЛЬНЫЕ ЭЛЕМЕНТЫ ЗАПИСИ (АБИС) | |
| Тип экземпляра АБИС | Книга |
| 980 ## - КОЛЛЕКЦИЯ | |
| Название коллекции | Национальная библиография |
| 980 ## - КОЛЛЕКЦИЯ | |
| Название коллекции | Международный сводный каталог русской книги (1918-1926) |
| 980 ## - КОЛЛЕКЦИЯ | |
| Название коллекции | Международный сводный каталог русской книги (1918-1926) |
| 980 ## - КОЛЛЕКЦИЯ | |
| Название коллекции | Международный сводный каталог русской книги (1918-1926) |
Нет доступных экземпляров.